| 000 | 00653nam a2200229 i 4500 | ||
|---|---|---|---|
| 001 | 67627 | ||
| 003 | ES-MaACL | ||
| 005 | 20230906170122.0 | ||
| 007 | t| | ||
| 008 | 040608s2002 sp ||||0| spa d | ||
| 020 | _a84-87422-57-8 | ||
| 040 |
_aM-BN _bspa _cM-BN |
||
| 080 | _a821.134.2(87)-14"19" | ||
| 100 | 1 |
_aViloria Vera, Enrique. _9115290 |
|
| 245 | 1 | 0 |
_aUltimo paseo / _cEnrique Viloria Vera. |
| 260 |
_aBoadilla (Madrid) : _bAltorrey, _c2002. |
||
| 300 |
_a75 p. ; _c21 cm. |
||
| 490 | 1 | _aColección "Río Aulencia" | |
| 830 | 0 |
_aColección "Río Aulencia" _9179810 |
|
| 852 |
_aES-MaACL _jL-27870 _bR.133540 |
||
| 999 |
_c67627 _d67627 |
||